[Event "Sterling Cherry Blossom op 12th"]
[Site "Sterling"]
[Date "2025.05.25"]
[Round "7"]
[White "De Silva, LMST"]
[Black "Zhuang, Kyle"]
[Result "1-0"]
[WhiteElo "2391"]
[BlackElo "2144"]
[PlyCount "85"]
[EventDate "2025.05.22"]
[EventType "swiss"]
[EventRounds "9"]
[EventCountry "USA"]
[SourceTitle "CB22_2025"]
[SourceDate "2025.05.28"]
[SourceVersion "1"]
[SourceVersionDate "2025.05.28"]
[SourceQuality "1"]

1. e4 c5 2. Nf3 Nc6 3. Bb5 g6 4. 0-0 Bg7 5. c3 Nf6 6. Re1 0-0 7. d4 cxd4 8. cxd4 d6 9. h3 a6 10. Bf1 Bd7 11. b3 Rc8 12. Bb2 b5 13. Nc3 e6 14. e5 Ne8 15. Ne4 Nb4 16. Re2 Bc6 17. a3 Bxe4 18. Rxe4 Nd5 19. Qd2 Qb6 20. Ree1 Nec7 21. Rac1 Ne7 22. a4 dxe5 23. Ba3 Ncd5 24. dxe5 b4 25. Bb2 Nf5 26. Qd3 a5 27. Qa6 Qxa6 28. Bxa6 Rc7 29. Red1 Ra7 30. Bf1 Bh6 31. Rc4 Raa8 32. g4 Nfe7 33. Nd2 Rfc8 34. Ne4 Nb6 35. Rxc8+ Rxc8 36. Rd6 Ned5 37. Bd4 Rb8 38. Nf6+ Kg7 39. Bg2 Nc8 40. Rd8 Bg5 41. Rg8+ Kh6 42. Nxd5 exd5 43. e6 1-0

[Event "New York President's Day op"]
[Site "New York"]
[Date "2025.02.16"]
[Round "6"]
[White "Zhuang, Kyle"]
[Black "Slate, Kent"]
[Result "0-1"]
[WhiteElo "2083"]
[BlackElo "2009"]
[PlyCount "48"]
[EventDate "2025.02.14"]
[EventType "swiss"]
[EventRounds "9"]
[EventCountry "USA"]
[SourceTitle "CB08_2025"]
[SourceDate "2025.02.19"]
[SourceVersion "1"]
[SourceVersionDate "2025.02.19"]
[SourceQuality "1"]

1. e4 c5 2. Nf3 e6 3. d4 cxd4 4. Nxd4 a6 5. c4 Nf6 6. Nc3 Qc7 7. a3 b6 8. Be3 Bb7 9. f3 Nc6 10. Be2 Be7 11. Rc1 0-0 12. 0-0 Ne5 13. Na4 Ng6 14. g3 h5 15. Nb3 h4 16. Bxb6 Qb8 17. Bf2 Bd6 18. Kg2 hxg3 19. hxg3 Nh5 20. Qe1 f5 21. Nbc5 Bc6 22. Qb4 Ngf4+ 23. gxf4 Nxf4+ 24. Kh1 Qe8 0-1

[Event "New York President's Day op"]
[Site "New York"]
[Date "2025.02.14"]
[Round "2"]
[White "Diao, Matthew Guo"]
[Black "Zhuang, Kyle"]
[Result "0-1"]
[WhiteElo "2176"]
[BlackElo "2083"]
[PlyCount "120"]
[EventDate "2025.02.14"]
[EventType "swiss"]
[EventRounds "9"]
[EventCountry "USA"]
[SourceTitle "CB08_2025"]
[SourceDate "2025.02.19"]
[SourceVersion "1"]
[SourceVersionDate "2025.02.19"]
[SourceQuality "1"]

1. Nf3 Nf6 2. g3 g6 3. b3 Bg7 4. Bb2 b6 5. Bg2 Bb7 6. 0-0 0-0 7. c4 c5 8. d4 cxd4 9. Qxd4 d6 10. Qd2 Nbd7 11. Nc3 Ne4 12. Nxe4 Bxb2 13. Qxb2 Bxe4 14. Qd2 Kg7 15. Rfd1 Nf6 16. Qd4 h5 17. Ng5 Bxg2 18. Kxg2 Qc8 19. Ne4 Qe6 20. Nc3 h4 21. Nd5 hxg3 22. hxg3 Rh8 23. Rh1 Rad8 24. e3 Rc8 25. a4 Rxh1 26. Rxh1 Rh8 27. Rxh8 Kxh8 28. Nxf6 exf6 29. b4 Kg7 30. e4 Qe5 31. Qd5 Qc3 32. Qxd6 Qxc4 33. Kf3 Qb3+ 34. Kf4 Qxa4 35. e5 fxe5+ 36. Qxe5+ Kh7 37. Qe7 Qa2 38. Kf3 Qd5+ 39. Ke3 a5 40. bxa5 bxa5 41. Qa3 Kg8 42. Qa4 Qc5+ 43. Kf3 Qb4 44. Qe8+ Kg7 45. Qe5+ Kh7 46. Qf6 Qc4 47. Kg2 a4 48. Qe7 Qd5+ 49. Kg1 Kg7 50. Qa7 Qe4 51. Qc5 Qe1+ 52. Kg2 Qa1 53. f4 a3 54. f5 Qb2+ 55. Kh3 a2 56. fxg6 a1Q 57. Qf8+ Kxg6 58. Qg8+ Qg7 59. Qh8 Qh1+ 60. Kg4 f5+ 0-1

[Event "Titled Tuesday intern op 21st Jan Late"]
[Site "Chess.com INT"]
[Date "2025.01.21"]
[Round "3"]
[White "Zhuang, Kyle"]
[Black "Khlebovich, Alexander"]
[Result "0-1"]
[WhiteElo "2082"]
[BlackElo "2423"]
[PlyCount "74"]
[EventDate "2025.01.21"]
[EventType "swiss (blitz)"]
[EventRounds "11"]
[EventCountry "USA"]
[SourceTitle "CB05_2025"]
[SourceDate "2025.01.29"]
[SourceVersion "1"]
[SourceVersionDate "2025.01.29"]
[SourceQuality "1"]

1. e4 c5 2. Nc3 Nc6 3. g3 g6 4. Bg2 Bg7 5. Nge2 d6 6. d3 Rb8 7. 0-0 h5 8. f4 h4 9. f5 hxg3 10. Nxg3 Bd4+ 11. Kh1 gxf5 12. Nxf5 Bxf5 13. Rxf5 Nf6 14. Ne2 Be5 15. Bf4 e6 16. Rg5 Bxf4 17. Nxf4 Nxe4 18. Rh5 Rxh5 19. Qxh5 Qg5 20. Qxg5 Nxg5 21. Re1 Kd7 22. c3 Rh8 23. Kg1 Ne5 24. Re3 b6 25. Rg3 f6 26. d4 cxd4 27. cxd4 Nc4 28. b3 Nd2 29. Rc3 Rh4 30. Ne2 d5 31. Rc2 Ndf3+ 32. Bxf3 Nxf3+ 33. Kg2 Nxd4 34. Nxd4 Rxd4 35. Kg3 f5 36. h4 Rg4+ 37. Kh3 d4 0-1

[Event "Titled Tuesday intern op 21st Jan Late"]
[Site "Chess.com INT"]
[Date "2025.01.21"]
[Round "2"]
[White "Zhuang, Kyle"]
[Black "Vila Dupla, Aurelio"]
[Result "1-0"]
[WhiteElo "2082"]
[BlackElo "2056"]
[PlyCount "59"]
[EventDate "2025.01.21"]
[EventType "swiss (blitz)"]
[EventRounds "11"]
[EventCountry "USA"]
[SourceTitle "CB05_2025"]
[SourceDate "2025.01.29"]
[SourceVersion "1"]
[SourceVersionDate "2025.01.29"]
[SourceQuality "1"]

1. Nf3 Nf6 2. g3 g6 3. b3 Bg7 4. Bb2 0-0 5. Bg2 d6 6. d4 Nc6 7. 0-0 e5 8. dxe5 Ng4 9. c4 Ngxe5 10. Nc3 Bf5 11. Qd2 Qd7 12. Nxe5 Nxe5 13. f4 Nc6 14. e4 Be6 15. Rae1 Nd4 16. Nd5 c5 17. e5 Bxd5 18. cxd5 dxe5 19. fxe5 Nf5 20. Be4 Rad8 21. Bxf5 gxf5 22. Rd1 Rfe8 23. Qg5 Qe7 24. Rxf5 Kh8 25. Qf4 Rf8 26. Rf1 b5 27. d6 Qe6 28. Rxf7 Rxf7 29. Qxf7 Bxe5 30. Qxe6 1-0

[Event "Dulles Skyline op 3rd"]
[Site "Dulles"]
[Date "2024.10.14"]
[Round "8"]
[White "Zhuang, Kyle"]
[Black "Yang, Daniel1"]
[Result "1/2-1/2"]
[WhiteElo "2088"]
[BlackElo "2101"]
[PlyCount "86"]
[EventDate "2024.10.10"]
[EventType "swiss"]
[EventRounds "9"]
[EventCountry "USA"]
[SourceTitle "CB43_2024"]
[Source "Chessbase"]
[SourceDate "2024.10.23"]
[SourceVersion "1"]
[SourceVersionDate "2024.10.23"]
[SourceQuality "1"]

1. e4 c5 2. Nf3 d6 3. Bb5+ Nd7 4. 0-0 a6 5. Bd3 Ngf6 6. Re1 b5 7. c4 b4 8. a3 Ne5 9. Nxe5 dxe5 10. Bc2 e6 11. d3 Be7 12. axb4 cxb4 13. Nd2 0-0 14. Nf3 Nd7 15. b3 Qc7 16. Bb2 Rd8 17. d4 exd4 18. e5 Bb7 19. Qxd4 a5 20. Qg4 Nf8 21. h4 Bxf3 22. Qxf3 Bxh4 23. g3 Be7 24. Kg2 Rac8 25. Re2 g6 26. Bc1 Nd7 27. Bf4 Nc5 28. Be3 Nd3 29. Bf4 Nc5 30. g4 a4 31. bxa4 b3 32. Be4 Rd4 33. a5 b2 34. Rb1 Qxa5 35. Rbxb2 Rxc4 36. Rbc2 Nxe4 37. Rxc4 Rxc4 38. Rxe4 Rxe4 39. Qxe4 g5 40. Be3 h6 41. f4 Qd5 42. Qxd5 exd5 43. f5 Kf8 1/2-1/2

[Event "Dulles Skyline op 3rd"]
[Site "Dulles"]
[Date "2024.10.13"]
[Round "6"]
[White "Zhuang, Kyle"]
[Black "Wilson, Ronen"]
[Result "0-1"]
[WhiteElo "2088"]
[BlackElo "2049"]
[PlyCount "78"]
[EventDate "2024.10.10"]
[EventType "swiss"]
[EventRounds "9"]
[EventCountry "USA"]
[SourceTitle "CB43_2024"]
[Source "Chessbase"]
[SourceDate "2024.10.23"]
[SourceVersion "1"]
[SourceVersionDate "2024.10.23"]
[SourceQuality "1"]

1. e4 c5 2. Nf3 d6 3. Bb5+ Nd7 4. 0-0 a6 5. Bd3 Ngf6 6. c3 b5 7. Bc2 Bb7 8. Re1 c4 9. a4 e6 10. axb5 axb5 11. Rxa8 Qxa8 12. Na3 Bxe4 13. Bxe4 Nxe4 14. d3 cxd3 15. Nxb5 Qb7 16. Qxd3 d5 17. Bf4 Bc5 18. Re2 0-0 19. b4 Be7 20. Ra2 Ra8 21. Rxa8+ Qxa8 22. Be3 Qa6 23. Qf1 Bf6 24. Nfd4 Bxd4 25. cxd4 Qa4 26. f3 Nef6 27. Bd2 Nb6 28. Nd6 Nc4 29. Nxc4 dxc4 30. h3 h6 31. Qb1 Nd5 32. Kf2 c3 33. Be1 Qa3 34. Qd3 Qb2+ 35. Kg3 c2 36. Bd2 c1Q 37. Bxc1 Qxc1 38. Qb5 Qf4+ 39. Kf2 Qxd4+ 0-1

[Event "Dulles Cherry Blossom op 11th"]
[Site "Dulles"]
[Date "2024.05.24"]
[Round "4"]
[White "Adu, Oladapo"]
[Black "Zhuang, Kyle"]
[Result "1-0"]
[WhiteElo "2077"]
[BlackElo "1952"]
[PlyCount "73"]
[EventDate "2024.05.22"]
[EventType "swiss"]
[EventRounds "9"]
[EventCountry "USA"]
[SourceTitle "CBM 220 Extra"]
[Source "ChessBase"]
[SourceDate "2024.07.31"]
[SourceVersion "1"]
[SourceVersionDate "2024.07.31"]
[SourceQuality "1"]

1. e4 c5 2. Nf3 e6 3. d3 d5 4. Nbd2 Nc6 5. g3 Nf6 6. Bg2 Be7 7. 0-0 a6 8. Re1 0-0 9. c3 b5 10. e5 Nd7 11. h4 Bb7 12. Nf1 c4 13. d4 b4 14. Bf4 Qa5 15. Qc2 Nb6 16. N1h2 Na4 17. Rec1 bxc3 18. bxc3 Rab8 19. Ng4 Ba8 20. Qd2 h5 21. Ngh2 Ba3 22. Ng5 Bxc1 23. Rxc1 Rb2 24. Qe3 Qb6 25. Qf3 g6 26. g4 Nxc3 27. Qxc3 Nxd4 28. Bf1 Nf5 29. Qf3 hxg4 30. Nxg4 Kg7 31. h5 Rh8 32. h6+ Kf8 33. Bxc4 Ke7 34. Bd3 Rb4 35. Nh3 Rd4 36. Bg5+ Kd7 37. Nf6+ 1-0